| 000 -LEADER |
| fixed length control field |
00820cam a22002537a 4500 |
| 020 ## - INTERNATIONAL STANDARD BOOK NUMBER |
| ISBN |
9781853395383 (pbk.) |
| 020 ## - INTERNATIONAL STANDARD BOOK NUMBER |
| ISBN |
1853395382 (pbk.) |
| 020 ## - INTERNATIONAL STANDARD BOOK NUMBER |
| ISBN |
9789251054307 (FAO : pbk.) |
| 020 ## - INTERNATIONAL STANDARD BOOK NUMBER |
| ISBN |
9251054304 (FAO : pbk.) |
| 040 ## - CATALOGING SOURCE |
| Transcribing agency |
UKM |
| 082 04 - DEWEY DECIMAL CLASSIFICATION NUMBER |
| Classification number |
621 PRA 2006 A051 Or. |
| 100 ## - MAIN ENTRY--AUTHOR NAME |
| Personal name |
Fraenkel, Peter |
| 245 10 - TITLE STATEMENT |
| Title |
Water lifting devices : |
| Remainder of title |
a handbook for users and choosers / |
| 250 ## - EDITION STATEMENT |
| Edition statement |
3rd ed. |
| 260 ## - PUBLICATION, DISTRIBUTION, ETC. (IMPRINT) |
| Place of publication |
Rugby : |
| Name of publisher |
Practical Action Publishing, |
| Year of publication |
2006. |
| 300 ## - PHYSICAL DESCRIPTION |
| Number of Pages |
xi, 337 p. : |
| Other physical details |
ill. ; |
| Dimensions |
25 cm. |
| 650 #0 - SUBJECT ADDED ENTRY--TOPICAL TERM |
| Topical Term |
Irrigation pumps. |
| 700 1# - ADDED ENTRY--PERSONAL NAME |
| Personal name |
Thake, Jeremy. |
| 710 2# - ADDED ENTRY--CORPORATE NAME |
| Corporate name or jurisdiction name as entry element |
Food and Agriculture Organization of the United Nations. |
| 710 2# - ADDED ENTRY--CORPORATE NAME |
| Corporate name or jurisdiction name as entry element |
Practical Action (Organization) |
| 710 2# - ADDED ENTRY--CORPORATE NAME |
| Corporate name or jurisdiction name as entry element |
IT Power (Organization) |
| 856 41 - ELECTRONIC LOCATION AND ACCESS |
| Uniform Resource Identifier |
http://www.loc.gov/catdir/toc/fy0711/2007275463.html |
| 942 ## - ADDED ENTRY ELEMENTS (KOHA) |
| Koha item type |
សៀវភៅភាសាអង់គ្លេស |
| 952 ## - LOCATION AND ITEM INFORMATION (KOHA) |
| Withdrawn status [LOCAL, KOHA] |
0 |